Crystal reports: (Record no. 115524)
[ view plain ]
| 000 -LEADER | |
|---|---|
| fixed length control field | 00807cam a2200229 4500 |
| 008 - FIXED-LENGTH DATA ELEMENTS--GENERAL INFORMATION | |
| fixed length control field | 050607t20052005mx 000 0 spa u |
| 020 ## - INTERNATIONAL STANDARD BOOK NUMBER | |
| International Standard Book Number | 9701046234 |
| 100 1# - MAIN ENTRY--PERSONAL NAME | |
| Personal name | Peck, George |
| 245 10 - TITLE STATEMENT | |
| Title | Crystal reports: |
| Remainder of title | resultados profesionales / |
| Statement of responsibility, etc | George Peck ; tr. Roberto Valero Valdés, rev. téc. Eloy Pineda Rojas. |
| 260 ## - PUBLICATION, DISTRIBUTION, ETC. (IMPRINT) | |
| Place of publication, distribution, etc | México : |
| Name of publisher, distributor, etc | McGraw-Hill Interamericana, |
| Date of publication, distribution, etc | c2005. |
| 300 ## - PHYSICAL DESCRIPTION | |
| Extent | xxi, 374 p. : |
| Other physical details | ils. ; |
| Dimensions | 24 cm. |
| 500 ## - GENERAL NOTE | |
| General note | Automatización |
| 504 ## - BIBLIOGRAPHY, ETC. NOTE | |
| Bibliography, etc | Incluye índice |
| 506 ## - RESTRICTIONS ON ACCESS NOTE | |
| Terms governing access | PIFI 2003 |
| 650 #4 - SUBJECT ADDED ENTRY--TOPICAL TERM | |
| Topical term or geographic name as entry element | Informes cristalinos (fichero electrónico) |
| 650 #4 - SUBJECT ADDED ENTRY--TOPICAL TERM | |
| Topical term or geographic name as entry element | Escritura de informe de negocio |
| General subdivision | Procesamiento de datos |
| 700 1# - ADDED ENTRY--PERSONAL NAME | |
| Personal name | Valero Valdés, Roberto, tr. |
| 700 1# - ADDED ENTRY--PERSONAL NAME | |
| Personal name | Pineda Rojas, Eloy, rev. |
| 942 ## - ADDED ENTRY ELEMENTS (KOHA) | |
| Source of classification or shelving scheme | Biblioteca del Cogreso de los Estados Unidos |
| Koha item type | Libro |
| Estado de pérdida | Fuente de clasificación | Estado del daño | No para préstamo | Ubicación permanente | Ubicación actual | Apartado o colección | Fecha de adquisición | Edición | Área del conocimiento | Clasificación | Código de Barras | Date last seen | Número de copia | Costo por reposición | Tipo de recurso |
|---|---|---|---|---|---|---|---|---|---|---|---|---|---|---|---|
| Biblioteca del Cogreso de los Estados Unidos | Biblioteca de la Unidad de Ciencias Ingeniería y Humanidades | Biblioteca de la Unidad de Ciencias Ingeniería y Humanidades | General | 18/09/2019 | 1a. ed. | Ciencias Sociales y Administrativas | HF5719 P43 2005 | BCU000008001 | 18/09/2019 | C:1 | 1.00 | Libro |